Elimination of infectious diseases from the South-East Asia Region : keeping the promise /

Bibliographic Details
Other Authors: Khetrapal Singh, Poonam, (Editor)
Format: eBook
Language:English
Published: Singapore : Springer, [2021]
Subjects:
Online Access:Click to View
LEADER 01609nam a2200385 i 4500
001 EBC6944400
003 MiAaPQ
005 20221113114346.0
006 m o d |
007 cr cnu||||||||
008 221113s2021 si a ob 000 0 eng d
020 |z 9789811655654  |q (print) 
020 |a 9789811655661  |q (electronic bk.) 
035 |a (MiAaPQ)EBC6944400 
035 |a (Au-PeEL)EBL6944400 
035 |a (OCoLC)1311316595 
040 |a MiAaPQ  |b eng  |e rda  |e pn  |c MiAaPQ  |d MiAaPQ 
050 4 |a RC46  |b .S564 2021 
082 0 |a 381  |2 23 
245 0 0 |a Elimination of infectious diseases from the South-East Asia Region :  |b keeping the promise /  |c edited by Poonam Khetrapal Singh. 
264 1 |a Singapore :  |b Springer,  |c [2021] 
264 4 |c Ã2021 
300 |a 1 online resource (133 pages) :  |b illustrations 
336 |a text  |b txt  |2 rdacontent 
337 |a computer  |b c  |2 rdamedia 
338 |a online resource  |b cr  |2 rdacarrier 
504 |a Includes bibliographical references. 
588 |a Description based on print version record. 
590 |a Electronic reproduction. Ann Arbor, MI : ProQuest, 2018. Available via World Wide Web. Access may be limited to ProQuest affiliated libraries. 
650 0 |a Diseases. 
655 4 |a Electronic books. 
700 1 |a Khetrapal Singh, Poonam,  |e editor. 
776 0 8 |i Print version:  |t Elimination of infectious diseases from the South-East Asia Region : keeping the promise.  |d Singapore : Springer, c2021   |h 133 pages   |z 9789811655654 
797 2 |a ProQuest (Firm) 
856 4 0 |u https://ebookcentral.proquest.com/lib/matrademy/detail.action?docID=6944400  |z Click to View